01670cam a22003615a 45000010009000000050017000090080041000260100017000670200025000840200022001090350024001310400063001550820017002181000026002352450083002612460080003442500012004242600057004363000052004935000072005455000123006175040051007406500033007916500061008246510010008856530022008956550021009179420008009389990017009469520115009639520115010789520115011931746067920180415111209.0120912t2013 caua frb 001 0 eng d a 2012949308 a9781591264101 (pbk.) a1591264103 (pbk.) a(OCoLC)ocn809411215 aYDXCPbengcYDXCPdBTCTAdOCLCQdNRCdOCLCOdDLCdEG-ScBUE04a660bLIN2221 aLindeburg, Michael R.10aChemical engineering reference manual for the PE exam /cMichael R. Lindeburg.3 aChemical engineering reference manual for the professional engineering exam a7th ed. aBelmont :bProfessional Publications, Inc.,cc.2013. a1 v. (various pagings) :bill. (col.) ;c28 cm. a"Comprehensive chemical engineering coverage you can trust"--Cover. a"RM Reference Manual, Professional Publications, Inc., since 1975, the choice of over 2 million professionals"--Cover. aIncludes bibliographical references and index. 7aChemical engineering.2BUEsh 7aChemical engineeringxExaminationsvStudy guides.2BUEsh 2BUEsh bENGCHEcApril2018 vText book933728 2ddc c26510d26482 00102ddc40708BaccahaMAINbMAINc1STd2018-04-15ePurchasel0o660 LINp000043170r2025-07-15 00:00:00yNB 00102ddc40708BaccahaMAINbMAINc1STd2018-04-15ePurchasel0o660 LINp000043171r2025-07-15 00:00:00yBB 00102ddc40708BaccahaMAINbMAINc1STd2018-04-15ePurchasel0o660 LINp000043172r2025-07-15 00:00:00yBB